| 000 | 01902cam a2200493 a 4500 | ||
|---|---|---|---|
| 001 | 21647 | ||
| 003 | VRT | ||
| 005 | 20260307105718.0 | ||
| 008 | 240226s1994 xo a gr 000 f slo | ||
| 015 | _aSNBA1994 | ||
| 020 |
_a808550605X _q(brožované) |
||
| 035 | _aSNK000017967 | ||
| 039 | 9 |
_a202402261904 _bVLOAD _c202401241006 _dmsnk115 _c202311211911 _dVLOAD _c202305151334 _dmsnk115 |
|
| 040 |
_aSNK _bslo _cSNK _eAACR2 |
||
| 041 | 1 |
_aslo _hhrv |
|
| 044 |
_axo _cSK |
||
| 072 | 7 |
_a821.163 _xJužnoslovanské literatúry _2konspekt |
|
| 080 |
_a821.163.42-31 _22011 |
||
| 080 |
_a(0:82-312.5) _22011 |
||
| 080 |
_a821-311.6 _22011 |
||
| 080 |
_a821-311.3 _22011 |
||
| 100 | 1 |
_aJurić-Zagorka, Marija, _d1873-1957 _4aut |
|
| 240 | 1 | 0 |
_aGordana _lSlovensky |
| 245 | 1 | 0 |
_aGordana _nIII _pZajatkyňa kráľa _cMarija Jurič Zagorka ; [z chorvátskeho originálu Gordana ... preložil Emil Hantel ; obálka a ilustrácie Adam] |
| 246 | 3 | 0 | _aZajatkyňa kráľa |
| 260 |
_aBratislava _bJuga _c1994 |
||
| 300 |
_a301 strán _bilustrácie _c21 cm |
||
| 500 | _aLiterárna Gordana na pozadí historických faktov (Životná púť Veľkého kráľa Mateja) na strane 300-[302] | ||
| 500 | _aTretia časť série Gordana | ||
| 655 | 7 |
_aľúbostné romány _2SNKPH |
|
| 655 | 7 |
_achorvátske romány _2SNKPH |
|
| 655 | 7 |
_ahistorické romány _2SNKPH |
|
| 655 | 7 |
_adobrodružné romány _2SNKPH |
|
| 700 | 1 |
_aHantel, Emil, _d1943-2021 _4trl |
|
| 700 | 0 |
_aAdam _4bjd _4ill |
|
| 700 | 1 |
_iPokračovanie diela: _aJurić-Zagorka, Marija, _d1873-1957 _tProroctvo na Kamennej bráne |
|
| 787 | 0 | 8 |
_iZo série: _tGordana _g3 |
| 910 | _asnk | ||
| 942 |
_2ddc _cKLDO _n0 |
||
| 949 |
_617A0060595 _asnkSC 85197/3 D1 |
||
| 949 |
_6270001000036888 _asvkbbA 85926-3 _bsvkbbm 584801 |
||
| 949 |
_617A0996504 _asnkSC 85197/3 _bsnkKSP 4725/94 _s6100:20221212 |
||
| 949 |
_6273K0196738 _asvkpoA 158343/III _bsvkpo401379 _oPV 2648/94 |
||
| 999 |
_c21647 _d21647 |
||